00668nam a22002057a 4500999001300000001000500013003000900018005001700027008004100044040003800085082001600123100002100139245005100160260004200211300002900253504002900282650002500311942001200336952011400348 c963d9631445BD-DhUAP20200129124243.0200129s1990 bg ||||| b||| 00| 0 eng d aBD-DhUAPbEngcBD-DhUAPdBD-DhUAP 223a301 AFS aAfsar, Munawar.  aEssays on Bangladesh society /cMunawar Afsar. aDhaka :bNurul Islam Mullick,cc1990. axvi, 101 pages ;c22 cm. aIncludes bibliographies. aSocietyzBamgladesh. 2ddccBK 00102ddc4070aUAPCLbUAPCLcGeneral Stacksd2020-01-29o301 AFSp3010001445r2020-01-29t1w2020-01-29yBK